Countries Who Have Hosted FIFA World Cup And Summer Olympics - Statistics

General Stats
  • This quiz has been taken 75 times
    43 since last reset
  • The average score is 9 of 10
Answer Stats
World Cup Olympics Answer % Correct
,2006 1936 Germany
100%
1994 1904,1932,1984,1996 USA
100%
1950,2014 2016 Brazil
97%
1938,1998 1900,1924 France
97%
1934,1990 1960 Italy
97%
1982 1992 Spain
97%
1966 1908,1948,2012 UK
97%
1970,1986 1968 Mexico
95%
2002 1964 Japan
92%
2012 1988 South Korea
76%
No matching quizzes found
Score Distribution
Percent of People with Each Score
Percentile by Number Answered
Your Score History
You have not taken this quiz since the last reset